00405pab a2200133 454500008004000000100002500040245011200065260000900177300001500186362000800201650001300209650002200222773002700244180718b2003 xxu||||| |||| 00| 0 eng d aMastracci, Sharon H. aEmployment and training alternatives for non-college women: do redistributive policies really redistribute? c2003 ap.585-601. aNov aTraining aWomens employment aPolicy Studies Journal